00413nam a2200181Ia 4500008004100000020001800041245002300059245001200082245001700094260001500111260001600126260000900142300001400151300002500165300001000190440002300200500000800223170705s9999 xx 000 0 und d a9780545564922 aFly guy presents : bspace / cTedd Arnold. aNew York : bScholastic, c2013 aunpaged : bcolor illustration ; c23cm. aScholastic reader. a590